| 000 | 00585nam a2200181Ia 4500 | ||
|---|---|---|---|
| 003 | GCL | ||
| 008 | 140319s9999 xx 000 0 ara d | ||
| 040 |
_aGCL / _cGCL |
||
| 082 | 0 | 4 |
_a810.9 _bي م |
| 100 | 1 | _aيوسف عيد | |
| 245 | 1 | 0 |
_aالمدراس الادبية ومذاهبها / _cيوسف عيد |
| 260 |
_aبيروت : _bدار الفكر اللبنانى ، _c1996 |
||
| 300 |
_aمتعدد ؛ _c24 سم |
||
| 650 | 0 | 4 | _aالادب العربى |
| 650 | 0 | 4 | _aالادب - تاريخ ونقد |
| 650 | 0 | 4 | _aالادب العربى - تاريخ ونقد |
| 942 |
_2ddc _cBK |
||
| 999 |
_c2198 _d2198 |
||